[Event "Copenhagen Chess Challenge 2"]
[Site "?"]
[Date "2015.05.02"]
[Round "7.8"]
[White "Rishovd,2033, Svein"]
[Black "Vovk,2112, WIM Oksana"]
[Result "1-0"]
[BlackElo "2112"]
[WhiteElo "2033"]
[LiveChessVersion "1.4.6"]

1. Nf3 {[%clk 1:30:58]} d5 {[%clk 1:30:08]} 2. c4 {[%clk 1:31:05]} c6
{[%clk 1:29:27]} 3. g3 {[%clk 1:30:46]} Nf6 {[%clk 1:28:36]} 4. Bg2
{[%clk 1:31:09]} Bg4 {[%clk 1:28:26]} 5. Ne5 {[%clk 1:31:23]} Be6
{[%clk 1:28:42]} 6. cxd5 {[%clk 1:31:40]} Bxd5 {[%clk 1:28:57]} 7. Nf3
{[%clk 1:31:54]} c5 {[%clk 1:28:22]} 8. Nc3 {[%clk 1:31:21]} Bc6 {[%clk 1:28:30]}
9. O-O {[%clk 1:31:05]} e6 {[%clk 1:23:03]} 10. d3 {[%clk 1:30:52]} Nbd7
{[%clk 1:22:42]} 11. e4 {[%clk 1:29:28]} Be7 {[%clk 1:19:20]} 12. Re1
{[%clk 1:28:44]} O-O {[%clk 1:17:35]} 13. d4 {[%clk 1:26:16]} Nb6
{[%clk 1:12:11]} 14. a4 {[%clk 1:17:16]} cxd4 {[%clk 1:04:02]} 15. Nxd4
{[%clk 1:16:56]} e5 {[%clk 1:01:04]} 16. Nxc6 {[%clk 1:15:17]} bxc6
{[%clk 1:01:29]} 17. a5 {[%clk 1:03:42]} Nc4 {[%clk 0:58:21]} 18. Bf1
{[%clk 1:02:02]} Nxa5 {[%clk 0:56:59]} 19. Qa4 {[%clk 1:01:18]} Nb7
{[%clk 0:53:53]} 20. Qxc6 {[%clk 1:01:19]} Nc5 {[%clk 0:50:01]} 21. Rd1
{[%clk 0:51:45]} Qb6 {[%clk 0:42:10]} 22. Nd5 {[%clk 0:47:45]} Nxd5
{[%clk 0:42:28]} 23. exd5 {[%clk 0:48:00]} Rac8 {[%clk 0:32:22]} 24. Qxb6
{[%clk 0:44:23]} axb6 {[%clk 0:32:50]} 25. Be3 {[%clk 0:37:14]} Bd6
{[%clk 0:28:29]} 26. Ra7 {[%clk 0:34:07]} Ra8 {[%clk 0:24:14]} 27. Rda1
{[%clk 0:34:30]} Rxa7 {[%clk 0:23:49]} 28. Rxa7 {[%clk 0:34:54]} Rb8
{[%clk 0:22:47]} 29. Bb5 {[%clk 0:27:54]} Kf8 {[%clk 0:19:06]} 30. Kf1
{[%clk 0:25:59]} h6 {[%clk 0:16:18]} 31. Ke2 {[%clk 0:26:17]} Rc8
{[%clk 0:14:26]} 32. Bc6 {[%clk 0:26:07]} Rb8 {[%clk 0:12:45]} 33. f3
{[%clk 0:18:15]} Be7 {[%clk 0:09:21]} 34. b4 {[%clk 0:13:43]} Nb3
{[%clk 0:09:43]} 35. Bxb6 {[%clk 0:10:30]} Rxb6 {[%clk 0:07:50]} 36. Ra8+
{[%clk 0:10:52]} Bd8 {[%clk 0:08:19]} 37. Rxd8+ {[%clk 0:11:13]} Ke7
{[%clk 0:08:44]} 38. Re8+ {[%clk 0:09:12]} Kf6 {[%clk 0:06:12]} 39. b5
{[%clk 0:09:02]} Nd4+ {[%clk 0:06:18]} 40. Kd3 {[%clk 0:09:15]} Nxb5
{[%clk 0:05:42]} 41. Bxb5 {[%clk 0:09:12]} Rxb5 {[%clk 0:06:09]} 42. Kc4
{[%clk 0:09:33]} Rb1 {[%clk 0:05:43]} 43. d6 {[%clk 0:09:20]} Rd1
{[%clk 0:05:22]} 44. Kc5 {[%clk 0:09:39]} g5 {[%clk 0:04:01]} 45. Kc6
{[%clk 0:09:46]} Rc1+ {[%clk 0:04:24]} 46. Kb7 {[%clk 0:09:52]} Rd1
{[%clk 0:04:39]} 47. Kc7 {[%clk 0:10:11]} Rc1+ {[%clk 0:04:11]} 48. Kd8
{[%clk 0:10:35]} Rc3 {[%clk 0:03:27]} 49. d7 {[%clk 0:10:24]} Rxf3
{[%clk 0:03:00]} 50. Kc7 {[%clk 0:09:59]} Rc3+ {[%clk 0:03:12]} 51. Kb6
{[%clk 0:09:52]} Rd3 {[%clk 0:03:26]} 52. d8=Q+ {[%clk 0:10:02]} Rxd8
{[%clk 0:03:52]} 53. Rxd8 {[%clk 0:10:23]} Kf5 {[%clk 0:04:03]} 54. Kc5
{[%clk 0:09:41]} Kg4 {[%clk 0:02:36]} 55. Kd5 {[%clk 0:08:58]} Kh3
{[%clk 0:02:30]} 56. Kxe5 {[%clk 0:09:11]} Kxh2 {[%clk 0:02:37]} 57. g4
{[%clk 0:09:30]} Kg3 {[%clk 0:02:52]} 58. Kf5 {[%clk 0:09:52]} f6
{[%clk 0:02:57]} 59. Rd3+ {[%clk 0:09:28]} Kh4 {[%clk 0:03:22]} 60. Ra3
{[%clk 0:09:30]} h5 {[%clk 0:03:47]} 61. gxh5 {[%clk 0:09:52]} Kxh5
{[%clk 0:04:10]} 62. Rh3# {[%clk 0:10:16]} 1-0

[Event "Copenhagen Chess Challenge 2"]
[Site "?"]
[Date "2015.05.02"]
[Round "7.9"]
[White "Tomaz,2018, Tainan Pantano"]
[Black "Vesterli,2118, Michael E."]
[Result "1-0"]
[BlackElo "2118"]
[WhiteElo "2018"]
[LiveChessVersion "1.4.6"]

1. d4 {[%clk 1:30:50]} Nf6 {[%clk 1:30:53]} 2. c4 {[%clk 1:31:10]} g6
{[%clk 1:31:16]} 3. Nc3 {[%clk 1:31:36]} Bg7 {[%clk 1:31:42]} 4. Nf3
{[%clk 1:32:02]} O-O {[%clk 1:32:04]} 5. Bg5 {[%clk 1:32:28]} d6 {[%clk 1:32:19]}
6. e3 {[%clk 1:32:54]} Nbd7 {[%clk 1:31:57]} 7. Be2 {[%clk 1:31:33]} c6
{[%clk 1:31:20]} 8. Qc2 {[%clk 1:31:58]} e5 {[%clk 1:30:18]} 9. O-O
{[%clk 1:31:32]} Re8 {[%clk 1:29:59]} 10. Rfd1 {[%clk 1:29:25]} Qc7
{[%clk 1:28:51]} 11. Rac1 {[%clk 1:16:39]} Nf8 {[%clk 1:25:33]} 12. b4
{[%clk 1:14:38]} h6 {[%clk 1:20:40]} 13. Bh4 {[%clk 1:14:53]} Bf5
{[%clk 1:20:30]} 14. Qb3 {[%clk 1:15:10]} g5 {[%clk 1:17:00]} 15. Bg3
{[%clk 1:15:32]} Nh5 {[%clk 1:17:05]} 16. dxe5 {[%clk 1:08:14]} Nxg3
{[%clk 1:17:16]} 17. hxg3 {[%clk 1:08:39]} dxe5 {[%clk 1:17:35]} 18. c5
{[%clk 1:08:48]} Rad8 {[%clk 1:13:49]} 19. Nd2 {[%clk 1:02:26]} Ne6
{[%clk 1:11:24]} 20. Nde4 {[%clk 1:02:25]} Bg6 {[%clk 1:10:34]} 21. Bc4
{[%clk 1:01:04]} b6 {[%clk 1:05:18]} 22. cxb6 {[%clk 0:24:01]} axb6
{[%clk 1:05:36]} 23. b5 {[%clk 0:23:56]} Rxd1+ {[%clk 0:56:55]} 24. Rxd1
{[%clk 0:23:47]} Re7 {[%clk 0:48:35]} 25. bxc6 {[%clk 0:22:02]} Qxc6
{[%clk 0:48:26]} 26. Rd6 {[%clk 0:17:19]} Qb7 {[%clk 0:37:05]} 27. Rxb6
{[%clk 0:17:04]} Bxe4 {[%clk 0:35:50]} 28. Rxb7 {[%clk 0:16:28]} Rxb7
{[%clk 0:36:14]} 29. Qa4 {[%clk 0:16:18]} Nc5 {[%clk 0:34:24]} 30. Qa8+
{[%clk 0:15:35]} Bf8 {[%clk 0:34:43]} 31. Nxe4 1-0

[Event "Copenhagen Chess Challenge 2"]
[Site "?"]
[Date "2015.05.02"]
[Round "7.10"]
[White "Andersen,2123, Søren Mikkel"]
[Black "Hansen,1958, Alex Mehr"]
[Result "1/2-1/2"]
[BlackElo "1958"]
[WhiteElo "2123"]
[LiveChessVersion "1.4.6"]

1. d4 {[%clk 1:30:56]} c6 {[%clk 1:30:39]} 2. c4 {[%clk 1:31:14]} d5
{[%clk 1:31:01]} 3. Nf3 {[%clk 1:31:38]} Nf6 {[%clk 1:30:39]} 4. Nc3
{[%clk 1:31:35]} e6 {[%clk 1:31:02]} 5. Bg5 {[%clk 1:31:53]} Be7 {[%clk 1:30:20]}
6. e3 {[%clk 1:32:15]} Ne4 {[%clk 1:29:47]} 7. Bxe7 {[%clk 1:30:13]} Qxe7
{[%clk 1:29:20]} 8. Nxe4 {[%clk 1:29:25]} dxe4 {[%clk 1:29:47]} 9. Nd2
{[%clk 1:29:25]} f5 {[%clk 1:30:05]} 10. c5 {[%clk 1:24:47]} Nd7 {[%clk 1:29:35]}
11. Nc4 {[%clk 1:23:59]} O-O {[%clk 1:29:29]} 12. Nd6 {[%clk 1:24:08]} Nf6
{[%clk 1:29:44]} 13. Bc4 {[%clk 1:24:22]} Ne8 {[%clk 1:29:48]} 14. Nxe8
{[%clk 1:19:00]} Qxe8 {[%clk 1:25:36]} 15. O-O {[%clk 1:17:28]} Rf6
{[%clk 1:24:42]} 16. f3 {[%clk 1:16:32]} exf3 {[%clk 1:21:13]} 17. Qxf3
{[%clk 1:16:17]} Kh8 {[%clk 1:19:44]} 18. Qf4 {[%clk 1:15:57]} b5
{[%clk 1:15:12]} 19. Bb3 {[%clk 1:15:02]} a5 {[%clk 1:14:38]} 20. a3
{[%clk 1:15:07]} Ba6 {[%clk 1:04:16]} 21. Rfc1 {[%clk 1:11:10]} Qb8
{[%clk 1:01:03]} 22. Qxb8+ {[%clk 1:05:25]} Rxb8 {[%clk 1:00:52]} 23. Bd1
{[%clk 1:05:48]} g5 {[%clk 0:56:39]} 24. Bf3 {[%clk 1:03:55]} Bb7
{[%clk 0:56:25]} 25. g3 {[%clk 1:01:59]} Rg8 {[%clk 0:56:03]} 26. Kf2
{[%clk 1:01:37]} Rh6 {[%clk 0:49:41]} 27. Rh1 {[%clk 1:01:45]} g4
{[%clk 0:48:46]} 28. Bg2 {[%clk 1:00:08]} Rg5 {[%clk 0:41:00]} 29. h4
{[%clk 0:59:59]} gxh3 {[%clk 0:32:24]} 30. Rxh3 {[%clk 0:59:58]} Rgh5
{[%clk 0:30:41]} 31. Rah1 {[%clk 0:58:38]} Rxh3 {[%clk 0:30:43]} 32. Rxh3
{[%clk 0:59:00]} Rxh3 {[%clk 0:30:50]} 33. Bxh3 {[%clk 0:59:29]} Kg7
{[%clk 0:29:38]} 34. e4 {[%clk 0:56:16]} Bc8 {[%clk 0:27:40]} 35. Ke3
{[%clk 0:56:30]} Kf6 {[%clk 0:27:06]} 36. Kf4 {[%clk 0:56:49]} fxe4
{[%clk 0:25:38]} 37. Kxe4 {[%clk 0:56:35]} h6 {[%clk 0:23:51]} 38. Kf4
{[%clk 0:56:30]} Bd7 {[%clk 0:23:53]} 39. Bg4 {[%clk 0:56:32]} Be8
{[%clk 0:23:49]} 40. Bf3 {[%clk 0:56:50]} Bd7 {[%clk 0:24:05]} 41. Bh5
{[%clk 0:54:04]} a4 {[%clk 0:24:15]} 42. Bg4 {[%clk 0:53:55]} Be8
{[%clk 0:24:17]} 43. Bf3 {[%clk 0:54:14]} Bd7 {[%clk 0:24:16]} 44. Bh5
{[%clk 0:54:24]} Bc8 {[%clk 0:24:10]} 45. Be8 {[%clk 0:54:35]} Bb7
{[%clk 0:24:29]} 46. Ke4 {[%clk 0:53:54]} Ke7 {[%clk 0:24:37]} 47. Bh5
{[%clk 0:54:08]} Kf6 {[%clk 0:24:58]} 48. Bf3 {[%clk 0:54:01]} Bc8
{[%clk 0:25:10]} 49. Kd3 {[%clk 0:54:22]} Bd7 {[%clk 0:22:39]} 50. Kc3
{[%clk 0:54:27]} Ke7 {[%clk 0:22:57]} 51. Kb4 {[%clk 0:54:32]} Kd8
{[%clk 0:23:18]} 52. Ka5 {[%clk 0:50:44]} Kc7 {[%clk 0:23:08]} 53. Bh5
{[%clk 0:49:35]} Kb7 {[%clk 0:23:25]} 54. Bg6 {[%clk 0:49:30]} Ka7
{[%clk 0:23:30]} 55. Kb4 {[%clk 0:49:00]} Kb7 {[%clk 0:23:35]} 56. Kc3
{[%clk 0:49:24]} Kc7 {[%clk 0:23:56]} 57. Kd3 {[%clk 0:49:31]} Kd8
{[%clk 0:24:10]} 58. Ke4 {[%clk 0:49:54]} Ke7 {[%clk 0:24:27]} 59. Ke5
{[%clk 0:50:23]} Bc8 {[%clk 0:24:29]} 60. Bh5 {[%clk 0:50:35]} Bd7
{[%clk 0:24:33]} 61. Bg4 {[%clk 0:50:43]} Bc8 {[%clk 0:24:51]} 62. d5
{[%clk 0:42:02]} cxd5 {[%clk 0:21:29]} 63. c6 {[%clk 0:40:25]} d4
{[%clk 0:17:11]} 64. Be2 {[%clk 0:40:35]} Ba6 {[%clk 0:15:41]} 65. Bd3
{[%clk 0:40:30]} Kd8 {[%clk 0:13:12]} 66. Kxe6 {[%clk 0:38:25]} Kc7
{[%clk 0:12:32]} 67. Kd5 {[%clk 0:38:44]} Kb6 {[%clk 0:11:47]} 68. Kd6
{[%clk 0:38:57]} Bc8 {[%clk 0:11:53]} 69. Be4 {[%clk 0:33:04]} Bg4
{[%clk 0:08:55]} 70. Kd5 {[%clk 0:32:28]} d3 {[%clk 0:07:56]} 71. Bxd3
{[%clk 0:30:18]} Bf3+ {[%clk 0:08:23]} 72. Kd6 {[%clk 0:14:23]} Bxc6
{[%clk 0:06:19]} 73. g4 {[%clk 0:14:10]} Bf3 {[%clk 0:04:21]} 74. Bf5
{[%clk 0:14:31]} Be2 {[%clk 0:04:10]} 75. Be6 {[%clk 0:14:38]} Bf3
{[%clk 0:04:28]} 76. Ke5 {[%clk 0:13:30]} Kc5 {[%clk 0:04:49]} 77. Kf4
{[%clk 0:09:37]} Bd1 {[%clk 0:05:13]} 78. Ke3 {[%clk 0:07:46]} b4
{[%clk 0:05:27]} 79. Kd3 {[%clk 0:06:25]} bxa3 {[%clk 0:05:37]} 80. bxa3
{[%clk 0:06:50]} Bf3 {[%clk 0:04:22]} 81. Bd7 {[%clk 0:06:53]} Bd1
{[%clk 0:04:32]} 82. Kd2 {[%clk 0:07:01]} Bf3 {[%clk 0:04:57]} 83. Ke3
{[%clk 0:06:51]} Bd1 {[%clk 0:05:24]} 84. Be6 {[%clk 0:06:14]} Kd6
{[%clk 0:05:06]} 85. Bf5 {[%clk 0:06:29]} Ke5 {[%clk 0:04:49]} 86. Bd7
{[%clk 0:06:24]} Bb3 {[%clk 0:05:10]} 87. Bc8 {[%clk 0:05:24]} Bd1
{[%clk 0:05:17]} 88. Bd7 {[%clk 0:05:46]} Bb3 {[%clk 0:05:36]} 89. Bc6
{[%clk 0:05:40]} Bd1 {[%clk 0:05:49]} 1/2-1/2

[Event "Copenhagen Chess Challenge 2"]
[Site "?"]
[Date "2015.05.02"]
[Round "7.11"]
[White "Brøndal, Paul"]
[Black "Skovgaard,2006, Ib"]
[Result "0-1"]
[BlackElo "2006"]
[WhiteElo "2103"]
[LiveChessVersion "1.4.6"]

1. d4 {[%clk 1:30:57]} d5 {[%clk 1:30:57]} 2. c4 {[%clk 1:31:22]} c6
{[%clk 1:31:22]} 3. Nf3 {[%clk 1:31:36]} Nf6 {[%clk 1:31:46]} 4. Nc3
{[%clk 1:31:54]} dxc4 {[%clk 1:32:07]} 5. a4 {[%clk 1:32:16]} Bg4
{[%clk 1:32:15]} 6. Ne5 {[%clk 1:32:05]} Bh5 {[%clk 1:32:00]} 7. Nxc4
{[%clk 1:32:10]} e6 {[%clk 1:31:45]} 8. g3 {[%clk 1:29:05]} Bb4 {[%clk 1:27:21]}
9. Bg2 {[%clk 1:28:55]} O-O {[%clk 1:26:18]} 10. O-O {[%clk 1:28:59]} Qe7
{[%clk 1:21:34]} 11. Qc2 {[%clk 1:26:03]} Rd8 {[%clk 1:19:48]} 12. Rd1
{[%clk 1:24:47]} a5 {[%clk 1:09:30]} 13. f3 {[%clk 1:09:35]} Na6 {[%clk 1:05:11]}
14. e4 {[%clk 1:06:45]} c5 {[%clk 0:54:06]} 15. Nb6 {[%clk 1:01:45]} cxd4
{[%clk 0:50:42]} 16. Nb5 {[%clk 0:58:47]} d3 {[%clk 0:45:31]} 17. Qf2
{[%clk 0:56:36]} d2 {[%clk 0:36:34]} 18. Bxd2 {[%clk 0:46:50]} Rxd2
{[%clk 0:36:08]} 19. Rxd2 {[%clk 0:46:22]} Bc5 {[%clk 0:36:19]} 20. Nxa8
{[%clk 0:46:27]} Bxf2+ {[%clk 0:32:50]} 21. Kxf2 {[%clk 0:45:44]} Nb4
{[%clk 0:23:18]} 22. Rc1 {[%clk 0:43:45]} Nc6 {[%clk 0:19:26]} 23. Nb6
{[%clk 0:43:16]} g5 {[%clk 0:18:16]} 24. Nd6 {[%clk 0:38:31]} e5 {[%clk 0:10:34]}
25. Nbc8 {[%clk 0:33:29]} Qe6 {[%clk 0:09:56]} 26. Nf5 {[%clk 0:32:36]} h6
{[%clk 0:06:37]} 27. Ncd6 {[%clk 0:27:38]} Qb3 {[%clk 0:05:31]} 28. Nxh6+
{[%clk 0:26:19]} Kh7 {[%clk 0:05:57]} 29. Nhf5 {[%clk 0:25:47]} Qb6+
{[%clk 0:05:41]} 30. Kf1 {[%clk 0:23:37]} Nd4 {[%clk 0:05:50]} 31. Nc4
{[%clk 0:21:29]} Qb3 {[%clk 0:03:55]} 32. Nxd4 {[%clk 0:14:38]} exd4
{[%clk 0:04:20]} 33. g4 {[%clk 0:14:18]} Bg6 {[%clk 0:04:29]} 34. Rxd4
{[%clk 0:14:16]} Qxa4 {[%clk 0:04:49]} 35. Rcd1 {[%clk 0:11:40]} Qb5
{[%clk 0:04:55]} 36. Kf2 {[%clk 0:11:33]} Qc5 {[%clk 0:04:54]} 37. Bf1
{[%clk 0:07:49]} Qc7 {[%clk 0:05:00]} 38. Nd6 {[%clk 0:07:02]} b6
{[%clk 0:04:31]} 39. Rc4 {[%clk 0:06:38]} Qe7 {[%clk 0:04:58]} 40. Rd2
{[%clk 0:04:12]} Qe5 {[%clk 0:05:17]} 41. Ke1 {[%clk 0:04:25]} Qf4
{[%clk 0:04:30]} 42. Rc3 {[%clk 0:04:10]} Qe5 {[%clk 0:04:28]} 43. Nc4
{[%clk 0:04:12]} Qe6 {[%clk 0:04:45]} 44. Rd6 {[%clk 0:04:17]} Qe7
{[%clk 0:04:54]} 45. Rxb6 {[%clk 0:04:15]} Nd5 {[%clk 0:04:49]} 46. Rcb3
{[%clk 0:04:03]} Nxb6 {[%clk 0:05:09]} 47. Rxb6 {[%clk 0:04:04]} Qc5
{[%clk 0:05:28]} 48. Be2 {[%clk 0:03:50]} Qg1+ {[%clk 0:05:44]} 49. Bf1
{[%clk 0:03:54]} Qxh2 {[%clk 0:05:57]} 50. Rb5 {[%clk 0:03:32]} Qg3+
{[%clk 0:06:17]} 51. Ke2 {[%clk 0:03:52]} a4 {[%clk 0:06:17]} 52. Ra5
{[%clk 0:03:26]} Qb8 {[%clk 0:06:24]} 53. Rxa4 {[%clk 0:03:18]} Qb5
{[%clk 0:06:44]} 54. b3 {[%clk 0:01:30]} Qxb3 {[%clk 0:07:11]} 55. Ra3
{[%clk 0:01:50]} Qxc4+ {[%clk 0:07:33]} 56. Rd3 {[%clk 0:02:17]} Kg7
{[%clk 0:06:36]} 57. Kd2 {[%clk 0:01:56]} Qc7 {[%clk 0:06:57]} 58. Be2
{[%clk 0:02:14]} Kf6 {[%clk 0:06:55]} 59. Rd5 {[%clk 0:02:08]} Qa7
{[%clk 0:06:30]} 60. Rb5 {[%clk 0:02:20]} Ke7 {[%clk 0:06:30]} 61. Rd5
{[%clk 0:02:35]} Qa3 {[%clk 0:06:42]} 62. Rd3 {[%clk 0:02:53]} Qb2+
{[%clk 0:06:38]} 63. Ke3 {[%clk 0:03:14]} f6 {[%clk 0:06:48]} 64. Rd2
{[%clk 0:03:07]} Qb6+ {[%clk 0:07:10]} 65. Rd4 {[%clk 0:02:59]} Be8
{[%clk 0:07:26]} 66. Bc4 {[%clk 0:02:53]} Ba4 {[%clk 0:07:23]} 67. Be2
{[%clk 0:02:31]} Bc2 {[%clk 0:07:13]} 68. Bc4 {[%clk 0:01:09]} Qc5
{[%clk 0:07:23]} 69. Bd3 {[%clk 0:01:13]} Bd1 {[%clk 0:07:31]} 70. Bc4
{[%clk 0:01:24]} Bxf3 {[%clk 0:07:47]} 71. Kd3 {[%clk 0:01:29]} Be2+
{[%clk 0:07:58]} 72. Kc3 {[%clk 0:01:47]} Bxg4 {[%clk 0:07:53]} 73. e5
{[%clk 0:01:49]} Qxe5 {[%clk 0:07:32]} 0-1

[Event "Copenhagen Chess Challenge 2"]
[Site "?"]
[Date "2015.05.02"]
[Round "7.12"]
[White "Ranaldi,2019, Lucas"]
[Black "Kyrkjebo,2074, Erlend"]
[Result "0-1"]
[BlackElo "2074"]
[WhiteElo "2019"]
[LiveChessVersion "1.4.6"]

1. d4 {[%clk 1:30:59]} Nf6 {[%clk 1:30:51]} 2. Bg5 {[%clk 1:31:05]} g6
{[%clk 1:30:49]} 3. Bxf6 {[%clk 1:31:28]} exf6 {[%clk 1:31:14]} 4. e3
{[%clk 1:31:47]} d5 {[%clk 1:29:47]} 5. g3 {[%clk 1:32:04]} c6 {[%clk 1:22:36]}
6. Bg2 {[%clk 1:32:09]} h5 {[%clk 1:17:53]} 7. Ne2 {[%clk 1:19:12]} Bd6
{[%clk 1:11:47]} 8. b3 {[%clk 1:17:39]} Be6 {[%clk 0:59:17]} 9. Qd3
{[%clk 1:16:25]} Qa5+ {[%clk 0:55:44]} 10. c3 {[%clk 1:11:07]} Bf5
{[%clk 0:48:52]} 11. e4 {[%clk 1:07:49]} Bxe4 {[%clk 0:48:51]} 12. Bxe4
{[%clk 1:08:05]} dxe4 {[%clk 0:49:13]} 13. Qxe4+ {[%clk 1:08:07]} Kf8
{[%clk 0:49:08]} 14. Nd2 {[%clk 1:03:17]} Nd7 {[%clk 0:45:36]} 15. Nc4
{[%clk 1:01:17]} Qc7 {[%clk 0:45:36]} 16. Nxd6 {[%clk 0:59:58]} Qxd6
{[%clk 0:45:57]} 17. O-O {[%clk 0:59:58]} Kg7 {[%clk 0:36:07]} 18. Rad1
{[%clk 0:56:58]} f5 {[%clk 0:32:32]} 19. Qd3 {[%clk 0:56:14]} Rad8
{[%clk 0:29:07]} 20. c4 {[%clk 0:54:38]} Rhe8 {[%clk 0:27:10]} 21. Qc2
{[%clk 0:52:23]} Nf6 {[%clk 0:25:03]} 22. Nc3 {[%clk 0:51:24]} h4
{[%clk 0:21:10]} 23. Rd3 {[%clk 0:47:49]} hxg3 {[%clk 0:19:16]} 24. hxg3
{[%clk 0:41:27]} Ng4 {[%clk 0:18:26]} 25. Ne2 {[%clk 0:35:59]} g5
{[%clk 0:13:26]} 26. Kg2 {[%clk 0:22:06]} Rh8 {[%clk 0:12:49]} 27. Rdd1
{[%clk 0:16:31]} Rh2+ {[%clk 0:06:07]} 28. Kg1 {[%clk 0:13:12]} Qh6
{[%clk 0:05:30]} 29. Qxf5 {[%clk 0:11:16]} Rh1+ {[%clk 0:05:18]} 30. Kg2
{[%clk 0:11:43]} Qh3+ {[%clk 0:05:32]} 31. Kf3 {[%clk 0:12:05]} Nh2+
{[%clk 0:05:43]} 32. Ke4 {[%clk 0:12:28]} Re8+ {[%clk 0:05:24]} 0-1

[Event "Copenhagen Chess Challenge 2"]
[Site "?"]
[Date "2015.05.02"]
[Round "7.13"]
[White "Kistrup,1942, Nicolai"]
[Black "Surender,2056, Anil"]
[Result "1/2-1/2"]
[BlackElo "2056"]
[WhiteElo "1942"]
[LiveChessVersion "1.4.6"]

1. d4 {[%clk 1:29:00]} g6 {[%clk 1:30:53]} 2. c4 {[%clk 1:28:35]} Bg7
{[%clk 1:31:18]} 3. Nc3 {[%clk 1:27:38]} d6 {[%clk 1:31:41]} 4. Nf3
{[%clk 1:27:14]} Nc6 {[%clk 1:31:40]} 5. Bg5 {[%clk 1:25:56]} Bg4
{[%clk 1:30:46]} 6. e3 {[%clk 1:25:12]} Nf6 {[%clk 1:29:44]} 7. Be2
{[%clk 1:24:44]} O-O {[%clk 1:29:41]} 8. O-O {[%clk 1:21:55]} Rb8
{[%clk 1:27:17]} 9. Qa4 {[%clk 1:17:36]} a6 {[%clk 1:26:41]} 10. Rfd1
{[%clk 1:12:11]} h6 {[%clk 1:24:17]} 11. Bh4 {[%clk 1:11:44]} g5 {[%clk 1:22:43]}
12. Bg3 {[%clk 1:10:53]} Nh5 {[%clk 1:22:33]} 13. Qc2 {[%clk 1:06:18]} Nxg3
{[%clk 1:21:11]} 14. hxg3 {[%clk 1:05:53]} e5 {[%clk 1:09:26]} 15. dxe5
{[%clk 1:00:47]} Nxe5 {[%clk 1:08:08]} 16. Nxe5 {[%clk 1:00:01]} Bxe2
{[%clk 1:08:31]} 17. Nxe2 {[%clk 0:59:32]} Bxe5 {[%clk 1:08:49]} 18. Nd4
{[%clk 0:59:07]} Bxd4 {[%clk 1:07:34]} 19. Rxd4 {[%clk 0:59:07]} Qe7
{[%clk 1:06:03]} 20. Rad1 {[%clk 0:55:33]} Rfd8 {[%clk 1:04:53]} 21. Qd3
{[%clk 0:52:25]} Re8 {[%clk 1:01:59]} 22. b4 {[%clk 0:50:01]} Qe5
{[%clk 0:58:35]} 23. Rc1 {[%clk 0:45:40]} Rbd8 {[%clk 0:57:18]} 24. a4
{[%clk 0:40:51]} c6 {[%clk 0:52:37]} 25. b5 {[%clk 0:30:18]} axb5
{[%clk 0:52:00]} 26. cxb5 {[%clk 0:26:35]} c5 {[%clk 0:51:32]} 27. Rd5
{[%clk 0:26:20]} Qe4 {[%clk 0:51:55]} 28. Qxe4 {[%clk 0:25:33]} Rxe4
{[%clk 0:52:19]} 29. Rcxc5 {[%clk 0:25:10]} dxc5 {[%clk 0:50:44]} 30. Rxd8+
{[%clk 0:24:11]} Kg7 {[%clk 0:51:08]} 31. Ra8 {[%clk 0:16:51]} Rb4
{[%clk 0:49:30]} 32. Kf1 {[%clk 0:11:08]} 1/2-1/2